Gestión del talento humano: el nuevo papel de los recursos humanos en las organizaciones
Guardat en:
| Autor principal: | |
|---|---|
| Format: | Llibre |
| Idioma: | espanyol |
| Publicat: |
Bogotá
McGraw-Hill
2002
|
| Matèries: | |
| Etiquetes: |
Afegir etiqueta
Sense etiquetes, Sigues el primer a etiquetar aquest registre!
|
MARC
| LEADER | 00000nam a2200000 a 4500 | ||
|---|---|---|---|
| 001 | UCM7607 | ||
| 003 | CL-VaPUC | ||
| 005 | 20241115133056.0 | ||
| 008 | 021227e20020000CK |||||||||||||||||spa|d | ||
| 999 | |c 302353 |d 302351 | ||
| 020 | |a 9584102885 | ||
| 040 | |c Pontificia Universidad Católica de Valparaíso | ||
| 082 | 0 | 4 | |a 658.3 |b CHI |2 21 |
| 100 | |a Chiavenato, Idalberto |e autor |9 88 | ||
| 245 | 1 | 0 | |a Gestión del talento humano: el nuevo papel de los recursos humanos en las organizaciones |
| 260 | |a Bogotá |b McGraw-Hill |c 2002 | ||
| 300 | |a 475 p | ||
| 583 | |a last modification |c 20021227 00:00:00 |k Rodrigo Vera | ||
| 650 | 0 | |a Gestión de recursos humanos |9 879947 | |
| 650 | 0 | |a Selección de personal |9 307100 | |
| 650 | 0 | |a Salarios |9 255321 | |
| 650 | 0 | |a Seguridad en el empleo |9 893892 | |
| 650 | 0 | |a Cualificaciones profesionales |9 893676 | |
| 942 | |c BK |2 ddc | ||
| 945 | |d 20021227 00:00:00 |a cmena | ||
| 952 | |0 0 |1 0 |4 0 |6 658_300000000000000_CHI_2002 |7 0 |8 R |9 362822 |a BIBEDU |b BIBEDU |d 2019-11-21 |i 3870456 |o 658.3 CHI 2002 |p 3870456 |r 2023-01-13 |w 2019-11-21 |y BK_R |k PSI | ||
| 952 | |0 0 |1 0 |4 0 |6 658_300000000000000_CHI_2002 |7 0 |8 A |9 362823 |a BIBING |b BIBING |d 2019-11-21 |i 3926435 |o 658.3 CHI 2002 |p 3926435 |r 2023-03-02 |w 2019-11-21 |y BK |k TRA | ||
| 952 | |0 0 |1 0 |4 0 |6 658_300000000000000_CHI_2002 |7 0 |8 A |9 362824 |a BIBING |b BIBING |d 2019-11-21 |i 3926427 |o 658.3 CHI 2002 |p 3926427 |r 2025-01-20 |w 2019-11-21 |y BK |k TRA | ||
| 952 | |0 0 |1 0 |4 0 |6 658_300000000000000_CHI_2002 |7 0 |8 A |9 362826 |a BIBMEC |b BIBMEC |d 2019-11-21 |i 3949796 |o 658.3 CHI 2002 |p 3949796 |r 2024-01-19 |w 2019-11-21 |y BK |k MEC | ||
| 952 | |0 0 |1 0 |4 0 |6 658_300000000000000_CHI_2002 |7 0 |8 R |9 362827 |a BIBEDU |b BIBEDU |c MCIRC |d 2019-11-21 |i 3975029 |l 6 |o 658.3 CHI 2002 |p 3975029 |r 2023-06-16 |s 2023-06-16 |w 2019-11-21 |y BK_R |k PSI | ||
| 952 | |0 0 |1 0 |4 0 |6 658_300000000000000_CHI_2002 |7 0 |8 R |9 362828 |a BIBENE |b BIBENE |d 2019-11-21 |i 4064038 |l 2 |o 658.3 CHI 2002 |p 4064038 |r 2025-01-15 |s 2023-09-22 |w 2019-11-21 |y BK_R |k ICO | ||
| 952 | |0 0 |1 0 |4 0 |6 658_300000000000000_CHI_2002 |7 0 |8 R |9 362829 |a BIBENE |b BIBENE |d 2019-11-21 |i 4064046 |o 658.3 CHI 2002 |p 4064046 |r 2025-01-15 |w 2019-11-21 |y BK_R |k ICO | ||
| 952 | |0 0 |1 0 |4 0 |6 658_300000000000000_CHI_2002 |7 0 |8 R |9 362830 |a BIBGIM |b BIBGIM |d 2019-11-21 |i 4069927 |o 658.3 CHI 2002 |p 4069927 |r 2025-01-15 |w 2019-11-21 |y BK_R |k COM | ||
| 952 | |0 0 |1 0 |4 0 |6 658_300000000000000_CHI_2002 |7 0 |8 R |9 362831 |a BIBGIM |b BIBGIM |d 2019-11-21 |i 4069935 |o 658.3 CHI 2002 |p 4069935 |r 2025-01-15 |w 2019-11-21 |y BK_R |k COM | ||
| 952 | |0 0 |1 0 |4 0 |6 658_300000000000000_CHI_2002 |7 0 |8 R |9 362832 |a BIBGIM |b BIBGIM |d 2019-11-21 |i 430893K |o 658.3 CHI 2002 |p 430893K |r 2025-01-15 |w 2019-11-21 |y BK_R |k COM | ||
| 952 | |0 0 |1 0 |4 0 |6 658_300000000000000_CHI_2002 |7 0 |8 R |9 362833 |a BIBEDU |b BIBEDU |c MCIRC |d 2019-11-21 |i 4352807 |l 1 |m 1 |o 658.3 CHI 2002 |p 4352807 |r 2023-09-04 |s 2023-08-25 |w 2019-11-21 |y BK_R |k EBA | ||
| 952 | |0 0 |1 0 |4 0 |6 658_300000000000000_CHI_2002 |7 0 |8 A |9 362834 |a BIBING |b BIBING |d 2019-11-21 |i 4522028 |o 658.3 CHI 2002 |p 4522028 |r 2025-01-20 |w 2019-11-21 |y BK |k EIQ | ||